000 01254cam a2200349 i 4500
001 25575
003 Mx-PuUPA
005 20260430092713.0
008 140415s2025 mx gr 001 0 spa d
020 _a9789689710134
040 _cMx-PuUPA
_aMx-PuUPA
_bspa
_dMx-PuUPA
_erda
041 0 _aspa
043 _an-mx---
100 1 _aCastro Castro, Ramón,
_eautor
_918033
245 1 0 _aVenga a nosotros tu reino /
_cRamón Castro Castro
250 _aPrimera edición
264 1 _aCiudad de México :
_bCEM,
_c2025
300 _a116 páginas ;
_c17 cm
336 _2rdacontent
_atexto
_btxt
337 _2rdamedia
_asin medio
_bn
338 _2rdacarrier
_avolumen
_bnc
500 _a"Ciclo de catequesis por el primer centenario de la encíclica Quas Primas de Pío XI y la Institución de la Festividad de Cristo Rey."-- portada.
600 0 4 _aJesucristo
_xEnseñanzas
600 0 4 _aJesucristo
_xHumanidad
600 0 4 _aJesucristo
_xMesianismo
650 7 _2armarc
_aCatequesis
_zMéxico
650 7 _2armarc
_aIglesia católica
_xCatecismos
_zMéxico
942 _2ddc
_cLI
_h232.954
_iC33
999 _c25575
_d25575